| 000 | 01067nam a2200313 a 4500 | ||
|---|---|---|---|
| 001 | BRCA_4716 | ||
| 005 | 20190320204756.0 | ||
| 008 | 051010s1950----sp-a######---#000-0#spa-# | ||
| 041 | _aspa | ||
| 044 | _asp | ||
| 050 | 4 |
_aN8220 _b.M87 1950 |
|
| 245 | 1 | 0 |
_aEl Museo Romántico _cprólogo de Luis M. Feduchi ; fotografías, Juan Pando ; introducción y notas, Mariano Rodríguez de Rivas. |
| 260 |
_aMadrid _bAfrodisio Aguado _c1950 |
||
| 300 |
_a98 p. _bil., 74 láminas. _c19 cm. |
||
| 440 | 0 |
_aEl ueble en España _v3 _911943 |
|
| 500 | _aEstado físico: Sobrecubierta deteriorada | ||
| 500 | _aTítulo en cubierta: El mueble romántico | ||
| 500 | _aCFG30 | ||
| 546 | _aTexto en inglés y francés | ||
| 650 | 1 | 4 |
_aMuebles _zEspaña _93568 |
| 650 | 1 | 4 |
_aObjetos de arte _zEspaña _911944 |
| 650 | 1 | 4 |
_aArte decorativo _zEspaña _911945 |
| 650 | 1 | 4 |
_aMuseos de arte _911946 |
| 700 | 1 |
_aFeduchi, Luis M. _eProloguista _911947 |
|
| 700 | 1 |
_aPando, Juan _eFotógrafo _911948 |
|
| 700 | 1 |
_aRodríguez de Rivas, Mariano _911949 |
|
| 902 | _aGFM | ||
| 942 |
_2lcc _cB |
||
| 999 |
_c4414 _d4414 |
||